Fénnyel jött és fénnyel ment hetven esztendeje született és húsz éve halt meg Huszárik Zoltán ...

Podrobná bibliografia
Hlavný autor: Szabó, László G., 1955- (Autor)
Médium: Článok
Jazyk:maďarčina
Fyzický popis:Fotogr.
Predmet:

MARC

LEADER 00000nab a2200000 a 4500
001 vtls000775790
003 SK-MaSNL
005 20260319074946.0
008 160321c2001 xo 0 hun
015 |a SNBRB2001/11-33847 
035 |a CLN000127577 
040 |a SNKBUCL  |b slo  |c SNKBUCL  |e AACR2 
041 0 |a hun 
044 |a xo  |c SK 
080 |a 791.44.071.1  |2 UDC-MRF-SK2 
080 |a 929 Huszárik, Zoltán  |2 UDC-MRF-SK2 
100 1 |a Szabó, László G.,  |d 1955-  |4 aut  |9 840019 
245 1 0 |a Fénnyel jött és fénnyel ment  |b hetven esztendeje született és húsz éve halt meg Huszárik Zoltán ...  |c Szabó G. László 
300 |b Fotogr. 
600 1 7 |a Huszárik, Zoltán,  |d 1931-1981  |2 snkbucl  |9 118005 
655 7 |a články z novín a časopisov  |2 snkbucl  |9 267496 
773 0 |t Új szó  |g Roč. 54, č. 245 (24.10.2001), s. 8 
850 |a Slovenská národná knižnica v Martine 
852 |a SNK  |b KIS3GCP 
958 |a HU 
958 |a BC 
958 |a RBX 
999 |c 1367913  |d 1369843